Seinfeld Character To Actor Click Quiz - Statistics

General Stats
  • This quiz has been taken 181 times
  • The average score is 12 of 15
Answer Stats
Hint Answer % Correct
Jerry Seinfeld Jerry Seinfeld
97%
George Costanza Jason Alexander
96%
Elaine Benes Julia Louis-Dreyfus
94%
Cosmo Kramer Michael Richards
92%
Frank Costanza Jerry Stiller
87%
Estelle Costanza Estelle Harris
85%
Newman Wayne Knight
83%
Tim Whatley Bryan Cranston
79%
Susan Ross Heidi Swedberg
76%
David Puddy Patrick Warburton
75%
Helen Seinfeld Liz Sheridan
65%
J. Peterman John O'Hurley
64%
Uncle Leo Len Lesser
62%
Morty Seinfeld Barney Martin
61%
Kenny Bania Steve Hytner
53%
No matching quizzes found
Score Distribution
Percent of People with Each Score
Percentile by Number Answered
Your Score History
You have not taken this quiz